[Event "Cheliabinsk Region-ch"]
[Site "Cheliabinsk"]
[Date "2012.02.25"]
[Round "8"]
[White "Schetinin, Aleksander V"]
[Black "Kaliev, Konstantin Arkadiev"]
[Result "0-1"]
[WhiteElo "2268"]
[BlackElo "1925"]
[PlyCount "86"]
[EventDate "2012.02.18"]
[EventType "swiss"]
[EventRounds "9"]
[EventCountry "RUS"]
[SourceTitle "EXT 2014"]
[Source "ChessBase"]
[SourceDate "2013.11.20"]
[SourceVersion "1"]
[SourceVersionDate "2013.11.20"]
[SourceQuality "1"]

1. e4 e5 2. d4 exd4 3. Nf3 Nc6 4. Bc4 Nf6 5. e5 Ne4 6. Qe2 Bb4+ 7. c3 dxc3 8. 0-0 Nd2 9. Nbxd2 cxd2 10. Bxd2 Bxd2 11. Qxd2 0-0 12. Rad1 Qe7 13. Qf4 Re8 14. Rfe1 h6 15. h4 Nd8 16. Re3 b5 17. Bxb5 Rb8 18. Bc4 Rxb2 19. Bb3 Ne6 20. Qc4 Qc5 21. Rc1 Qxc4 22. Rxc4 Bb7 23. Nd4 Ba6 24. Ra4 Nc5 25. Ra5 d6 26. Nc6 Bb7 27. Nxa7 Nxb3 28. Rxb3 Rxb3 29. axb3 Rxe5 30. b4 Re1+ 31. Kh2 Re4 32. Rb5 Ba6 33. Rb8+ Kh7 34. Kg3 Kg6 35. f3 Rc4 36. b5 Rb4 37. Kf2 Kf6 38. g4 Rb3 39. f4 g5 40. fxg5+ hxg5 41. h5 c6 42. bxa6 Rxb8 43. Nxc6 Ra8 0-1

[Event "UrFO-ch op"]
[Site "Cheliabinsk"]
[Date "2011.03.21"]
[Round "4"]
[White "Bulatov, Ramil"]
[Black "Schetinin, Aleksander V"]
[Result "0-1"]
[WhiteElo "2137"]
[BlackElo "2256"]
[PlyCount "86"]
[EventDate "2011.03.19"]
[EventType "swiss"]
[EventRounds "9"]
[EventCountry "RUS"]
[SourceTitle "EXT 2012"]
[Source "ChessBase"]
[SourceDate "2011.11.24"]
[SourceVersion "1"]
[SourceVersionDate "2011.11.24"]
[SourceQuality "1"]

1. e4 c5 2. Nf3 e6 3. d4 cxd4 4. Nxd4 a6 5. Nc3 b5 6. Be2 Bb7 7. Bf3 d6 8. 0-0 Nd7 9. Re1 Ngf6 10. Nf5 Ne5 11. Ng3 Rc8 12. Be2 h5 13. h3 h4 14. Nf1 b4 15. Na4 Qa5 16. b3 Bxe4 17. Ne3 Bc6 18. a3 bxa3 19. Bxa3 Bb7 20. f4 Ng6 21. f5 Ne5 22. fxe6 fxe6 23. Nc4 Nxc4 24. Bxc4 d5 25. Qe2 Rc6 26. Bxf8 Kxf8 27. Bd3 Kf7 28. Qf2 Qc7 29. b4 e5 30. Nc5 e4 31. Bxa6 Bxa6 32. Nxa6 Qb7 33. b5 Qxb5 34. Reb1 Qc4 35. Rb7+ Kg6 36. Nb4 Rc7 37. Rxc7 Qxc7 38. Ra6 Rb8 39. Qd4 Rb5 40. c3 Qc5 41. Nc6 Rb1+ 42. Kf2 Qb5 43. Ne7+ Kh7 0-1

[Event "Moscow op-E"]
[Site "Moscow"]
[Date "2011.01.29"]
[Round "1.154"]
[White "Schetinin, Aleksander V"]
[Black "Nazarov, Ilya"]
[Result "1-0"]
[WhiteElo "2257"]
[BlackElo "1881"]
[PlyCount "66"]
[EventDate "2011.01.29"]
[EventType "swiss"]
[EventRounds "9"]
[EventCountry "RUS"]
[SourceTitle "EXT 2022"]
[Source "ChessBase"]
[SourceDate "2021.10.06"]
[SourceVersion "1"]
[SourceVersionDate "2021.10.06"]
[SourceQuality "1"]

1. e4 d6 2. d4 g6 3. Nc3 Bg7 4. Be2 Nd7 5. Be3 c6 6. a4 b6 7. Qd2 Bb7 8. h4 h5 9. Nh3 a6 10. Ng5 b5 11. f4 e6 12. d5 exd5 13. exd5 Ne7 14. dxc6 Bxc6 15. Bd4 Nf6 16. Bd3 0-0 17. 0-0 Qd7 18. f5 b4 19. Ne2 gxf5 20. Qxb4 f4 21. Qd2 Qg4 22. Nxf4 Qxh4 23. Ngh3 Ned5 24. Bf5 Nxf4 25. Qxf4 Qxf4 26. Nxf4 Rfb8 27. b3 Re8 28. Rad1 Ng4 29. Bxg7 Ne3 30. Nxh5 Nxd1 31. Rxd1 Re2 32. Rxd6 Rxg2+ 33. Kf1 Bf3 1-0

[Event "Cheliabinsk Region-ch"]
[Site "Cheliabinsk"]
[Date "2010.04.01"]
[Round "6"]
[White "Eryshkanova, Anastasiya"]
[Black "Schetinin, Aleksander V"]
[Result "0-1"]
[WhiteElo "2144"]
[BlackElo "2238"]
[PlyCount "42"]
[EventDate "2010.03.27"]
[EventType "swiss"]
[EventRounds "9"]
[EventCountry "RUS"]
[SourceTitle "EXT 2012"]
[Source "ChessBase"]
[SourceDate "2011.11.24"]
[SourceVersion "1"]
[SourceVersionDate "2011.11.24"]
[SourceQuality "1"]

1. e4 c6 2. d4 g6 3. Bd3 Bg7 4. Ne2 d5 5. c3 dxe4 6. Bxe4 Nd7 7. 0-0 Ngf6 8. Bc2 0-0 9. Ng3 e5 10. Na3 exd4 11. Qxd4 Nd5 12. Qd1 Ne5 13. Bb3 Bg4 14. Qc2 Re8 15. h3 Be6 16. f4 Qh4 17. Bxd5 Bxd5 18. c4 Nf3+ 19. Rxf3 Bxf3 20. Qf2 Bd4 21. Qxd4 Qxg3 0-1

[Event "Cheliabinsk Region-ch"]
[Site "Cheliabinsk"]
[Date "2010.03.29"]
[Round "3"]
[White "Schetinin, Aleksander V"]
[Black "Krapivin, Viktor"]
[Result "1-0"]
[WhiteElo "2238"]
[BlackElo "1954"]
[PlyCount "53"]
[EventDate "2010.03.27"]
[EventType "swiss"]
[EventRounds "9"]
[EventCountry "RUS"]
[SourceTitle "EXT 2012"]
[Source "ChessBase"]
[SourceDate "2011.11.24"]
[SourceVersion "1"]
[SourceVersionDate "2011.11.24"]
[SourceQuality "1"]

1. e4 c5 2. Nf3 d6 3. Nc3 Nf6 4. d4 cxd4 5. Nxd4 a6 6. Bg5 e6 7. Qd3 Be7 8. f4 0-0 9. e5 dxe5 10. fxe5 Nfd7 11. Bf4 Bg5 12. g3 Bxf4 13. gxf4 Qh4+ 14. Qg3 Qxg3+ 15. hxg3 Nb6 16. 0-0-0 Nc6 17. Bg2 Bd7 18. Be4 g6 19. Nf3 Rfd8 20. Rd2 Be8 21. Rdh2 h5 22. g4 Kf8 23. gxh5 gxh5 24. Rxh5 Rab8 25. Ng5 Rdc8 26. f5 Nd8 27. f6 1-0

[Event "Cheliabinsk op 02"]
[Site "Cheliabinsk"]
[Date "2009.03.06"]
[Round "7"]
[White "Schetinin, Aleksander V"]
[Black "Kozirev, Alexander"]
[Result "0-1"]
[WhiteElo "2255"]
[BlackElo "2351"]
[PlyCount "86"]
[EventDate "2009.02.28"]
[EventType "swiss"]
[EventRounds "9"]
[EventCountry "RUS"]
[SourceTitle "CBM 129 Extra"]
[Source "ChessBase"]
[SourceDate "2009.05.05"]
[SourceVersion "2"]
[SourceVersionDate "2009.05.20"]
[SourceQuality "1"]

1. e4 c5 2. Nf3 Nc6 3. Bb5 g6 4. 0-0 Bg7 5. Re1 Nf6 6. Nc3 0-0 7. e5 Ng4 8. Bxc6 dxc6 9. h3 Nh6 10. d3 Nf5 11. Bf4 b6 12. Qd2 Nd4 13. Nh2 a5 14. Ne4 Ra7 15. Rad1 Qd5 16. c3 Ne6 17. c4 Qd8 18. Bh6 Nd4 19. Ng4 Nf5 20. Bxg7 Kxg7 21. Qf4 Be6 22. Ngf6 h6 23. g4 Nd4 24. Re3 exf6 25. exf6+ Kh7 26. Qg3 g5 27. f4 gxf4 28. Qxf4 Rg8 29. Rf1 Qb8 30. Qf2 Bf5 31. Ng3 Bg6 32. Kh1 Qc8 33. Rfe1 Rd8 34. Re7 Rxe7 35. fxe7 Re8 36. Qf6 Qd7 37. Re5 Ne6 38. Nh5 Qxd3 39. Kh2 Qd6 40. Kh1 Rxe7 41. b3 Rd7 42. Rf5 Qd1+ 43. Kh2 Bxh5 0-1

[Event "Cheliabinsk Cup"]
[Site "Cheliabinsk"]
[Date "2008.09.08"]
[Round "7"]
[White "Schetinin, Aleksander V"]
[Black "Tangatarov, Timur"]
[Result "1-0"]
[WhiteElo "2236"]
[BlackElo "2159"]
[PlyCount "43"]
[EventDate "2008.09.02"]
[EventType "swiss"]
[EventRounds "9"]
[EventCountry "RUS"]
[SourceTitle "EXT 2010"]
[Source "ChessBase"]
[SourceDate "2010.11.25"]
[SourceVersion "1"]
[SourceVersionDate "2010.11.25"]
[SourceQuality "1"]

1. e4 c5 2. Nf3 d6 3. d4 cxd4 4. Nxd4 Nf6 5. Nc3 a6 6. Bg5 e6 7. Qd3 Nbd7 8. f4 h6 9. Bh4 g5 10. fxg5 Nh7 11. 0-0-0 hxg5 12. Bg3 Qc7 13. Be2 Nc5 14. Qf3 Bh6 15. Kb1 Bd7 16. Rhf1 0-0-0 17. Qxf7 Nf8 18. Qf6 Rh7 19. e5 Qb6 20. exd6 Kb8 21. Bf2 Bg7 22. Qxg5 1-0

[Event "Cheliabinsk Cup"]
[Site "Cheliabinsk"]
[Date "2008.09.06"]
[Round "5"]
[White "Lefebr, Vladislav"]
[Black "Schetinin, Aleksander V"]
[Result "1-0"]
[WhiteElo "2041"]
[BlackElo "2236"]
[PlyCount "75"]
[EventDate "2008.09.02"]
[EventType "swiss"]
[EventRounds "9"]
[EventCountry "RUS"]
[SourceTitle "EXT 2010"]
[Source "ChessBase"]
[SourceDate "2010.11.25"]
[SourceVersion "1"]
[SourceVersionDate "2010.11.25"]
[SourceQuality "1"]

1. e4 c6 2. d4 d5 3. Nc3 g6 4. Nf3 Bg7 5. h3 Nh6 6. Bf4 dxe4 7. Nxe4 Nf5 8. c3 0-0 9. Bd3 Na6 10. 0-0 Nc7 11. Qd2 Ne6 12. Be5 Bh6 13. Qc2 Nf4 14. Bc4 Nd6 15. Bxd6 exd6 16. Ng3 d5 17. Bd3 Qf6 18. Ne5 Qh4 19. Nf3 Qf6 20. Ne5 Re8 21. Rae1 Bxh3 22. gxh3 Qh4 23. Bf5 gxf5 24. Qxf5 Nxh3+ 25. Kg2 Nf4+ 26. Kf3 Ne6 27. Rh1 Qf4+ 28. Qxf4 Bxf4 29. Nh5 Bg5 30. Reg1 Kf8 31. Kg4 Ke7 32. f4 Bh6 33. Nf6 Kxf6 34. Rxh6+ Kg7 35. Kf5+ Kf8 36. Kf6 Re7 37. Rxh7 Ke8 38. Rg8+ 1-0

[Event "Cheliabinsk Region-ch"]
[Site "Cheliabinsk"]
[Date "2008.03.08"]
[Round "8"]
[White "Grigoriev, Semyon"]
[Black "Schetinin, Aleksander V"]
[Result "1-0"]
[WhiteElo "2164"]
[BlackElo "2195"]
[PlyCount "119"]
[EventDate "2008.03.01"]
[EventType "swiss"]
[EventRounds "9"]
[EventCountry "RUS"]
[SourceTitle "CBM 123 Extra"]
[Source "ChessBase"]
[SourceDate "2008.05.06"]
[SourceVersion "1"]
[SourceVersionDate "2008.05.06"]
[SourceQuality "1"]

1. d4 d5 2. Nf3 Nf6 3. c4 dxc4 4. e3 g6 5. Bxc4 Bg7 6. 0-0 0-0 7. Nc3 Nfd7 8. b3 Nb6 9. Be2 Nc6 10. Ba3 Re8 11. Rc1 a6 12. Qd2 e5 13. d5 Ne7 14. d6 cxd6 15. Qxd6 Nbd5 16. Nxd5 Nxd5 17. Rfd1 Be6 18. Bc4 Bf8 19. Qxd8 Raxd8 20. Bxf8 Kxf8 21. Nxe5 Nc3 22. Rxd8 Rxd8 23. Rxc3 Bxc4 24. f3 Rd1+ 25. Kf2 Rf1+ 26. Kg3 Be6 27. Rc2 Ra1 28. e4 Ke7 29. Kf4 g5+ 30. Ke3 Kd6 31. Nd3 Rh1 32. g3 b6 33. f4 h6 34. Kd4 f6 35. f5 Bd7 36. Nb4 Rd1+ 37. Ke3 Re1+ 38. Re2 Rxe2+ 39. Kxe2 Ke5 40. Ke3 Bc8 41. Nd3+ Kd6 42. Kd4 a5 43. a3 Bd7 44. Nb2 b5 45. b4 axb4 46. axb4 Be8 47. Nd1 h5 48. h4 Bf7 49. Ne3 Bb3 50. Nf1 Bc4 51. Nd2 Be2 52. Ke3 Bd1 53. Nf3 gxh4 54. Nxh4 Bb3 55. Kd4 Bf7 56. Ng2 Ke7 57. Kc5 Be8 58. Nf4 Kf8 59. Kd6 Bf7 60. Nd5 1-0

[Event "Cheliabinsk Region-ch"]
[Site "Cheliabinsk"]
[Date "2008.03.04"]
[Round "4"]
[White "Schetinin, Aleksander V"]
[Black "Kozirev, Alexander"]
[Result "1/2-1/2"]
[WhiteElo "2195"]
[BlackElo "2367"]
[PlyCount "22"]
[EventDate "2008.03.01"]
[EventType "swiss"]
[EventRounds "9"]
[EventCountry "RUS"]
[SourceTitle "CBM 123 Extra"]
[Source "ChessBase"]
[SourceDate "2008.05.06"]
[SourceVersion "1"]
[SourceVersionDate "2008.05.06"]
[SourceQuality "1"]

1. e4 c5 2. Nf3 Nc6 3. Nc3 e6 4. d4 cxd4 5. Nxd4 Nf6 6. g3 d5 7. Bg5 Be7 8. exd5 Nxd5 9. Bxe7 Ndxe7 10. Nxc6 Qxd1+ 11. Rxd1 bxc6 1/2-1/2

[Event "Cheliabinsk Region-ch"]
[Site "Cheliabinsk"]
[Date "2008.03.03"]
[Round "3"]
[White "Schetinin, Aleksander V"]
[Black "Bashkov, Viacheslav"]
[Result "1/2-1/2"]
[WhiteElo "2195"]
[BlackElo "2319"]
[PlyCount "20"]
[EventDate "2008.03.01"]
[EventType "swiss"]
[EventRounds "9"]
[EventCountry "RUS"]
[SourceTitle "CBM 123 Extra"]
[Source "ChessBase"]
[SourceDate "2008.05.06"]
[SourceVersion "1"]
[SourceVersionDate "2008.05.06"]
[SourceQuality "1"]

1. e4 e6 2. b3 d5 3. Bb2 Nf6 4. e5 Nfd7 5. d4 c5 6. c3 Nc6 7. f4 f5 8. Nf3 Be7 9. Nbd2 0-0 10. Bd3 Rb8 1/2-1/2

[Event "Cheliabinsk Region-ch"]
[Site "Cheliabinsk"]
[Date "2008.03.01"]
[Round "1"]
[White "Schetinin, Aleksander V"]
[Black "Mikleeva, Ais"]
[Result "1-0"]
[WhiteElo "2195"]
[BlackElo "1935"]
[PlyCount "61"]
[EventDate "2008.03.01"]
[EventType "swiss"]
[EventRounds "9"]
[EventCountry "RUS"]
[SourceTitle "CBM 123 Extra"]
[Source "ChessBase"]
[SourceDate "2008.05.06"]
[SourceVersion "1"]
[SourceVersionDate "2008.05.06"]
[SourceQuality "1"]

1. e4 c5 2. Nf3 Nc6 3. Bb5 g6 4. 0-0 Bg7 5. Re1 Nf6 6. Nc3 0-0 7. e5 Ng4 8. Bxc6 dxc6 9. d3 Nh6 10. Bf4 Nf5 11. Qd2 b6 12. Ne4 Nd4 13. Nxd4 cxd4 14. Bh6 Qd5 15. Ng3 Re8 16. Bxg7 Kxg7 17. Re4 h6 18. Rh4 Rh8 19. c4 Qxe5 20. Re1 Qf6 21. Rf4 Qd6 22. Rfe4 Be6 23. f4 Rae8 24. Qf2 c5 25. b4 Bd7 26. Re5 e6 27. bxc5 bxc5 28. Ne4 Qe7 29. Rxc5 f6 30. Qxd4 Bc8 31. Nxf6 1-0

[Event "Moscow op-A 04th"]
[Site "Moscow"]
[Date "2008.02.09"]
[Round "8"]
[White "Schetinin, Aleksander V"]
[Black "Eliseev, Alexey"]
[Result "1/2-1/2"]
[WhiteElo "2195"]
[BlackElo "2412"]
[PlyCount "41"]
[EventDate "2008.02.02"]
[EventType "swiss"]
[EventRounds "9"]
[EventCountry "RUS"]
[SourceTitle "CBM 122 Extra"]
[Source "ChessBase"]
[SourceDate "2008.03.04"]
[SourceVersion "1"]
[SourceVersionDate "2008.03.04"]
[SourceQuality "1"]

1. e4 g6 2. d4 Bg7 3. Nc3 d6 4. Be2 a6 5. a4 Nd7 6. a5 c5 7. d5 Ngf6 8. g4 b5 9. axb6 Nxb6 10. g5 Nfd7 11. f4 h6 12. gxh6 Bxh6 13. Nf3 Nf6 14. Ng5 Bg7 15. Bf3 Nfd7 16. h4 Nf8 17. h5 e6 18. dxe6 Nxe6 19. Nxe6 Bxe6 20. hxg6 Rxh1+ 21. Bxh1 1/2-1/2

[Event "Cheliabinsk Region Cup 5th"]
[Site "Cheliabinsk"]
[Date "2007.09.06"]
[Round "5"]
[White "Sveshnikov, Evgeny"]
[Black "Schetinin, Aleksander V"]
[Result "1-0"]
[WhiteElo "2504"]
[BlackElo "2182"]
[PlyCount "87"]
[EventDate "2007.09.02"]
[EventType "swiss"]
[EventRounds "9"]
[EventCountry "RUS"]
[SourceTitle "EXT 2022"]
[Source "ChessBase"]
[SourceDate "2021.10.06"]
[SourceVersion "1"]
[SourceVersionDate "2021.10.06"]
[SourceQuality "1"]

1. e4 d5 2. exd5 Nf6 3. Bb5+ Bd7 4. Bc4 Bg4 5. f3 Bc8 6. Nc3 Nbd7 7. d4 Nb6 8. Bb3 a5 9. a3 a4 10. Ba2 Nbxd5 11. Nxd5 Nxd5 12. c4 Nb6 13. Be3 g6 14. Qd2 Bg7 15. 0-0-0 e5 16. Bg5 Qd6 17. Qe3 0-0 18. c5 exd4 19. cxd6 dxe3 20. Bxe3 Nd7 21. dxc7 Ra6 22. Nh3 Rc6+ 23. Kb1 Ne5 24. Rc1 Bf5+ 25. Ka1 Nd3 26. Rxc6 Nxb2 27. Bxf7+ Kxf7 28. Ng5+ Kg8 29. Ne6 Bxe6 30. Rxe6 Nd1+ 31. Kb1 Nc3+ 32. Kc1 Rc8 33. Bb6 Nd5 34. Kb1 Nc3+ 35. Kc2 Nb5 36. Re7 Nxa3+ 37. Kd3 Nb5 38. Rd7 Bf8 39. Rb1 Nd6 40. Bc5 Nf7 41. Bd4 Nd6 42. Rb6 a3 43. Rbxd6 Bxd6 44. Rd8+ 1-0

[Event "Cheliabinsk Region Cup 5th"]
[Site "Cheliabinsk"]
[Date "2007.09.04"]
[Round "3"]
[White "Kozlov, Konstantin1111"]
[Black "Schetinin, Aleksander V"]
[Result "1-0"]
[WhiteElo "2269"]
[BlackElo "2182"]
[PlyCount "81"]
[EventDate "2007.09.02"]
[EventType "swiss"]
[EventRounds "9"]
[EventCountry "RUS"]
[SourceTitle "EXT 2022"]
[Source "ChessBase"]
[SourceDate "2021.10.06"]
[SourceVersion "1"]
[SourceVersionDate "2021.10.06"]
[SourceQuality "1"]

1. e4 g6 2. d4 c6 3. c3 d5 4. Nd2 Bg7 5. Ngf3 Nh6 6. Bd3 0-0 7. 0-0 f6 8. Re1 Nf7 9. c4 Nd7 10. exd5 cxd5 11. Nf1 dxc4 12. Bxc4 Nb6 13. Bb3 Kh8 14. Qe2 e6 15. Bf4 g5 16. Be3 g4 17. N3d2 f5 18. Nc4 Nd5 19. Bd2 Bxd4 20. Rad1 Qf6 21. Bc1 Qg7 22. Ng3 Bf6 23. Nh5 Qg6 24. Nxf6 Qxf6 25. Ne3 Nf4 26. Qc4 e5 27. Nd5 Nxd5 28. Qxd5 f4 29. Bd2 Qc6 30. Qxc6 bxc6 31. Bb4 Ba6 32. Bxf8 Rxf8 33. Rd7 Ng5 34. Rxe5 h6 35. Rxa7 Bd3 36. Ree7 Bg6 37. Ra5 Be8 38. Be6 f3 39. Bxg4 fxg2 40. Kxg2 Bg6 41. Bd7 1-0

[Event "Cheliabinsk Region Cup 5th"]
[Site "Cheliabinsk"]
[Date "2007.09.03"]
[Round "2"]
[White "Schetinin, Aleksander V"]
[Black "Vyatkin, Dmitry"]
[Result "1-0"]
[WhiteElo "2182"]
[BlackElo "2355"]
[PlyCount "125"]
[EventDate "2007.09.02"]
[EventType "swiss"]
[EventRounds "9"]
[EventCountry "RUS"]
[SourceTitle "EXT 2022"]
[Source "ChessBase"]
[SourceDate "2021.10.06"]
[SourceVersion "1"]
[SourceVersionDate "2021.10.06"]
[SourceQuality "1"]

1. e4 c5 2. Nf3 d6 3. d4 cxd4 4. Nxd4 Nf6 5. Nc3 g6 6. g3 Nc6 7. Bg2 Bd7 8. Nb3 Bg7 9. 0-0 0-0 10. Nd5 Ne5 11. h3 Rc8 12. Nxf6+ Bxf6 13. Bh6 Re8 14. Nd2 b5 15. Kh2 Nc4 16. Nxc4 Rxc4 17. c3 b4 18. Qb3 Be6 19. cxb4 Qb8 20. a3 a5 21. Qd3 axb4 22. f4 Rc5 23. Rf2 bxa3 24. Qxa3 Rb5 25. Qe3 Rxb2 26. e5 dxe5 27. Ra8 Qxa8 28. Bxa8 Rxf2+ 29. Qxf2 Rxa8 30. Qb6 exf4 31. gxf4 Bd5 32. Kg1 e6 33. Kf2 Ra2+ 34. Ke3 Ra3+ 35. Kd2 Ra8 36. Qe3 Bg7 37. Bxg7 Kxg7 38. Qd4+ f6 39. Qc5 g5 40. f5 Re8 41. Qc7+ Kf8 42. Kd3 Ba2 43. Qxh7 e5 44. Ke3 Bf7 45. h4 gxh4 46. Qxh4 Ke7 47. Qb4+ Kd8 48. Qd6+ Kc8 49. Qc6+ Kd8 50. Qxf6+ Re7 51. Ke4 Kd7 52. Qb6 Bh5 53. Qh6 Bf7 54. Qd2+ Kc7 55. Qg5 Kd7 56. Qh6 Bg8 57. Qh8 Bb3 58. f6 Rf7 59. Qb8 Rxf6 60. Qxb3 Re6 61. Kd5 Rd6+ 62. Kxe5 Ke7 63. Qb5 1-0

[Event "Soukhumi op"]
[Site "Soukhumi"]
[Date "2007.08.11"]
[Round "8"]
[White "Schetinin, Aleksander V"]
[Black "Yandarbiev, Ruslan"]
[Result "0-1"]
[WhiteElo "2182"]
[BlackElo "2408"]
[PlyCount "69"]
[EventDate "2007.08.03"]
[EventType "swiss"]
[EventRounds "9"]
[EventCountry "RUS"]
[SourceTitle "EXT 2009"]
[Source "ChessBase"]
[SourceDate "2008.11.26"]
[SourceVersion "1"]
[SourceVersionDate "2008.11.26"]
[SourceQuality "1"]

1. e4 c5 2. Nf3 d6 3. d4 cxd4 4. Nxd4 Nf6 5. Nc3 a6 6. Bg5 e6 7. Qd3 Nbd7 8. f4 b5 9. 0-0-0 Qc7 10. Be2 b4 11. Na4 Bb7 12. Bf3 Be7 13. Kb1 0-0 14. c4 Rfe8 15. Rhe1 h6 16. Bxf6 Bxf6 17. e5 dxe5 18. Nxe6 fxe6 19. Qxd7 Qxd7 20. Rxd7 Bxf3 21. gxf3 exf4 22. c5 Rac8 23. Re4 e5 24. Rxb4 e4 25. fxe4 f3 26. Rd1 Be5 27. Rf1 Rf8 28. Nb6 Rc7 29. Rc4 g5 30. h3 h5 31. Nd5 Rg7 32. c6 g4 33. hxg4 hxg4 34. c7 Bxc7 35. Nxc7 0-1

[Event "Soukhumi op"]
[Site "Soukhumi"]
[Date "2007.08.05"]
[Round "3"]
[White "Demianjuk, Alexander"]
[Black "Schetinin, Aleksander V"]
[Result "1-0"]
[WhiteElo "2302"]
[BlackElo "2182"]
[PlyCount "49"]
[EventDate "2007.08.03"]
[EventType "swiss"]
[EventRounds "9"]
[EventCountry "RUS"]
[SourceTitle "EXT 2009"]
[Source "ChessBase"]
[SourceDate "2008.11.26"]
[SourceVersion "1"]
[SourceVersionDate "2008.11.26"]
[SourceQuality "1"]

1. e4 c5 2. Nf3 a6 3. c3 g6 4. d4 cxd4 5. cxd4 d5 6. exd5 Nf6 7. Nc3 Bg7 8. Qb3 0-0 9. Be2 Nbd7 10. Bg5 Nb6 11. Bxf6 exf6 12. 0-0 Re8 13. Rfe1 Bf5 14. a4 Rb8 15. h3 Qd6 16. Nd2 Qf4 17. Qxb6 Qxd2 18. Rad1 Qf4 19. Bf1 Bc2 20. Rc1 Qd2 21. Rxe8+ Rxe8 22. Rxc2 Qxc2 23. d6 Qf5 24. Qc7 Re1 25. d7 1-0

[Event "Soukhumi op"]
[Site "Soukhumi"]
[Date "2007.08.03"]
[Round "1"]
[White "Temirkanov, David"]
[Black "Schetinin, Aleksander V"]
[Result "0-1"]
[WhiteElo "2334"]
[BlackElo "2182"]
[PlyCount "104"]
[EventDate "2007.08.03"]
[EventType "swiss"]
[EventRounds "9"]
[EventCountry "RUS"]
[SourceTitle "EXT 2009"]
[Source "ChessBase"]
[SourceDate "2008.11.26"]
[SourceVersion "1"]
[SourceVersionDate "2008.11.26"]
[SourceQuality "1"]

1. e4 c5 2. Nf3 a6 3. c4 e6 4. d4 cxd4 5. Nxd4 Nf6 6. Nc3 Qc7 7. Be2 Bb4 8. f3 Nc6 9. Be3 d5 10. Nxc6 bxc6 11. cxd5 exd5 12. 0-0 Bd6 13. exd5 Bxh2+ 14. Kh1 h5 15. Qa4 Bd7 16. Qd4 Be5 17. Qd3 Rb8 18. f4 Bd6 19. Rad1 c5 20. Qxa6 0-0 21. Bc1 Rb4 22. a3 Rd4 23. Be3 Rxd1 24. Rxd1 Ng4 25. Bxg4 Bxg4 26. Re1 Bxf4 27. d6 Bxd6 28. Nb5 Qd8 29. Bf2 Bf4 30. Qc6 Qd2 31. Qxc5 Qxb2 32. Bd4 Qd2 33. Bc3 Qd8 34. Re7 Qd3 35. Qf2 Bb8 36. a4 Qd1+ 37. Qe1 Qxa4 38. Nc7 Bxc7 39. Rxc7 Rd8 40. Qe5 Qd1+ 41. Kh2 Qd6 42. Qxd6 Rxd6 43. Rc5 Rd3 44. Bb4 f6 45. Rc7 Bd7 46. Kg1 Kf7 47. Kf2 Ke6 48. Bf8 Rd2+ 49. Kg3 g5 50. Bb4 Rb2 51. Rb7 Rxg2+ 52. Kh3 Rb2 0-1

[Event "Voronezh op-B"]
[Site "Voronezh"]
[Date "2002.??.??"]
[Round "3"]
[White "Schetinin, Aleksander V"]
[Black "Yermoshkin, Vladimir"]
[Result "1-0"]
[WhiteElo "2211"]
[BlackElo "2287"]
[PlyCount "141"]
[EventDate "2002.??.??"]
[EventType "swiss"]
[EventRounds "9"]
[EventCountry "RUS"]
[SourceTitle "EXT 2003"]
[Source "ChessBase"]
[SourceDate "2002.11.25"]
[SourceVersion "1"]
[SourceVersionDate "2002.11.25"]
[SourceQuality "1"]

1. e4 c6 2. Nc3 d5 3. Nf3 Bg4 4. h3 Bxf3 5. Qxf3 e6 6. a3 Qf6 7. Qe2 Qd8 8. g3 dxe4 9. Nxe4 Nd7 10. Bg2 Ngf6 11. Ng5 Be7 12. 0-0 0-0 13. d4 Re8 14. Rd1 Bd6 15. c4 Qe7 16. b4 e5 17. Bb2 exd4 18. Qxe7 Rxe7 19. Bxd4 Be5 20. Nf3 Bc7 21. Re1 Kf8 22. Rxe7 Kxe7 23. b5 c5 24. Be3 Rd8 25. Nd2 b6 26. f4 h5 27. Kf2 Kf8 28. Bf3 Re8 29. a4 Kg8 30. g4 hxg4 31. hxg4 Nf8 32. g5 N6d7 33. Bc6 Re7 34. Ra3 Ng6 35. Kf3 Ndf8 36. Bd5 Rd7 37. Ne4 Ne7 38. Nc3 Ne6 39. Ke4 Bd8 40. a5 g6 41. axb6 Bxb6 42. Bxe6 fxe6 43. Na4 Rc7 44. Rd3 Nf5 45. Rd8+ Kf7 46. Bf2 Ke7 47. Rb8 Nd6+ 48. Kd3 Nc8 49. Kc2 Nd6 50. Kb3 Ne4 51. Be1 Rd7 52. Nxb6 axb6 53. Rxb6 Rd3+ 54. Kc2 Rd4 55. Rb7+ Kd6 56. Rg7 Rxc4+ 57. Kb2 Ra4 58. Rxg6 Kd5 59. Rg8 c4 60. g6 Ra7 61. g7 Rd7 62. Kc2 Nd6 63. Bc3 Nf5 64. b6 Ke4 65. Rc8 Nxg7 66. Rxc4+ Kf5 67. Rc7 Rd8 68. b7 Rb8 69. Rf7+ Kg6 70. Rxg7+ Kh6 71. Be5 1-0